South-South and South-North cooperation in sciences : (Record no. 178625)
[ view plain ]
| 000 -LEADER | |
|---|---|
| fixed length control field | 01462 a2200253 4500 |
| 003 - CONTROL NUMBER IDENTIFIER | |
| control field | Nust |
| 005 - DATE AND TIME OF LATEST TRANSACTION | |
| control field | 20230306120149.0 |
| 010 ## - LIBRARY OF CONGRESS CONTROL NUMBER | |
| LC control number | 86009129 |
| 020 ## - INTERNATIONAL STANDARD BOOK NUMBER | |
| International Standard Book Number | 9971501066 |
| 040 ## - CATALOGING SOURCE | |
| Transcribing agency | Nust |
| 082 00 - DEWEY DECIMAL CLASSIFICATION NUMBER | |
| Classification number | 338.1926, HAS |
| 245 00 - TITLE STATEMENT | |
| Title | South-South and South-North cooperation in sciences : |
| Remainder of title | proceedings of the conference organised by the Third World Academy of Sciences, Trieste, Italy, 5-10 July 1985 / |
| Statement of responsibility, etc. | edited by A. Hamende, M. Hassan & K.K. Phua. |
| 260 ## - PUBLICATION, DISTRIBUTION, ETC. | |
| Place of publication, distribution, etc. | Singapore ; |
| -- | Philadelphia : |
| Name of publisher, distributor, etc. | World Scientific, |
| Date of publication, distribution, etc. | c1986. |
| 300 ## - PHYSICAL DESCRIPTION | |
| Extent | xii, 507 p. : |
| Other physical details | ill. ; |
| Dimensions | 26 cm. |
| 505 ## - FORMATTED CONTENTS NOTE | |
| Formatted contents note | Preface And Messages From Heads Of State (Page-5), Opening Ceremony (Page-29), Modalities Of South-South And South-North Cooperation Through Science Academies And Research Councils (Page-65), Role Of International And Non Governmental Organization In Building Up Science In The South (Page-137), Role Of International Networks (Page-203), Role Of Science Centres In Building Up Science In The South (Page-267), Science Teaching (Page-317), Special Lectures (Page-331), Concluding Remarks (Page-439). |
| 650 #0 - SUBJECT ADDED ENTRY--TOPICAL TERM | |
| Topical term or geographic name entry element | International agencies |
| General subdivision | Congresses. |
| 9 (RLIN) | 109842 |
| 650 #0 - SUBJECT ADDED ENTRY--TOPICAL TERM | |
| Topical term or geographic name entry element | Science |
| General subdivision | International cooperation |
| -- | Congresses. |
| 9 (RLIN) | 109843 |
| 650 #0 - SUBJECT ADDED ENTRY--TOPICAL TERM | |
| Topical term or geographic name entry element | Science |
| Geographic subdivision | Developing countries |
| General subdivision | Congresses. |
| 9 (RLIN) | 109844 |
| 700 1# - ADDED ENTRY--PERSONAL NAME | |
| Personal name | Hamende, A. M. |
| 9 (RLIN) | 109845 |
| 700 1# - ADDED ENTRY--PERSONAL NAME | |
| Personal name | M. Hassan. |
| 9 (RLIN) | 109846 |
| 700 1# - ADDED ENTRY--PERSONAL NAME | |
| Personal name | Phua, K. K. |
| 9 (RLIN) | 109847 |
| 710 2# - ADDED ENTRY--CORPORATE NAME | |
| Corporate name or jurisdiction name as entry element | Third World Academy of Sciences. |
| 9 (RLIN) | 109848 |
| 942 ## - ADDED ENTRY ELEMENTS (KOHA) | |
| Source of classification or shelving scheme | |
| Koha item type | Book |
| Withdrawn status | Lost status | Source of classification or shelving scheme | Damaged status | Not for loan | Permanent Location | Current Location | Shelving location | Date acquired | Full call number | Barcode | Date last seen | Price effective from | Koha item type | Public note |
|---|---|---|---|---|---|---|---|---|---|---|---|---|---|---|
| Military College of Signals (MCS) | Military College of Signals (MCS) | General Stacks | 12/12/2016 | 338.1926,HAS | MCS34514 | 12/08/2016 | 12/12/2016 | Book | Almirah No.50, Shelf No.4 |
